Manažérske aspekty tvorivosti pri navrhovaní produktov
Výber viacerých prístupov pri skúmaní problematiky tvorivosti a súvisiaceho manažérskeho pôsobenia na proces tvorivosti. Heuristický pôrístup k tvorivosti. Model procesu tvorivosti a jeho manažérska podpora. Normatívne požiadavky na tvorbu návrhu a proces tvorivosti. Druhy preskúmania pri navrhovan...
Na minha lista:
| Autor principal: | |
|---|---|
| Formato: | Capítulo de Livro |
| Idioma: | eslovaco |
| Assuntos: | |
| Tags: |
Sem tags, seja o primeiro a adicionar uma tag!
|
MARC
| LEADER | 00000naa$a2200000$$$4500 | ||
|---|---|---|---|
| 001 | 0007561 | ||
| 005 | 20231011134622.2 | ||
| 041 | 0 | |a slo | |
| 044 | |a SK | ||
| 245 | 1 | 0 | |a Manažérske aspekty tvorivosti pri navrhovaní produktov |c aut. Juraj Balek |
| 520 | |a Výber viacerých prístupov pri skúmaní problematiky tvorivosti a súvisiaceho manažérskeho pôsobenia na proces tvorivosti. Heuristický pôrístup k tvorivosti. Model procesu tvorivosti a jeho manažérska podpora. Normatívne požiadavky na tvorbu návrhu a proces tvorivosti. Druhy preskúmania pri navrhovaní produktu. Záver. | ||
| 610 | 2 | 0 | |a kreativita |
| 610 | 2 | 0 | |a tvorivosť vedecká |
| 610 | 2 | 0 | |a heuristika |
| 610 | 2 | 0 | |a riadenie procesné |
| 610 | 2 | 0 | |a diagramy vývojové |
| 610 | 2 | 0 | |a normy ISO |
| 100 | 1 | |a Balek, Juraj | |